| 000 | 00483nam a2200181Ia 4500 | ||
|---|---|---|---|
| 001 | 44465 | ||
| 008 | 140428s9999 xx 000 0 und d | ||
| 020 | _aNA | ||
| 040 | _cPK-LaUMT | ||
| 082 |
_aRHC 891.4394 _bWAH-M |
||
| 100 | _aWaheed ud Din Saleem | ||
| 245 |
_aMazaameen Saleem (Urdu) _cWaheed ud Din Saleem |
||
| 260 |
_aKarachi,Pakistan: _bKul Pakistan Anjaman Taraqqi Urdu, _c1961 |
||
| 300 | _a214 p. | ||
| 546 | _aUR | ||
| 650 | _aPakistan literature-Urdu | ||
| 942 | _cBK | ||
| 999 |
_c42458 _d42458 |
||